| 000 | 00827aam a2200253 4500 | ||
|---|---|---|---|
| 003 | EG-GiCUC | ||
| 008 | 080413s2007 ua f 000 0 ara d | ||
| 017 |
_a2007/13359 _bمصر. دار الكتب |
||
| 020 | _z977427144 | ||
| 040 |
_aEG-GiCUC _bara _cEG-GiCUC |
||
| 092 | 0 | 4 |
_a081 _bK455a _221 |
| 099 |
_a04 _a081 K455a |
||
| 100 | 1 | _aخرسا: رولا. | |
| 245 | 1 | 0 |
_aارى-اسمع-و اتكلم / _cرولا خرسا. |
| 250 | _aط.1. | ||
| 260 |
_aالقاهرة : _bالدار المصرية اللبنانية: _c2007. |
||
| 300 |
_a247 ص. ؛ _c22 سم. |
||
| 650 | 7 |
_aالمقالات العربية. _2qrmak |
|
| 902 | _a1 | ||
| 905 |
_aجمال _eمدخل |
||
| 905 |
_aعمر _eمراجع |
||
| 942 |
_2ddc _cBK |
||
| 999 |
_c99680 _d99680 |
||